The high place.

Bibliographic Details
Main Author: Household, Geoffrey, 1900-1988
Format: Book
Language:English
Published: Boston : Little, Brown, 1950.
Edition:[1st ed].

MARC

Tag First Indicator Second Indicator Subfields
LEADER 00000cam a2200000 i 4500
001 in00000680113
005 20170127113728.0
008 781007s1950 mau 00001 eng d
010 |a  50007611  
035 |a (OCoLC)04277329 
035 |9 ACZ6202AM 
040 |a OWL  |c OWL  |d TXA  |d UtOrBLW 
049 |a TXAM  |c [193889] 
050 4 |a PR6015.O7885  |b H5 
090 |a PR6015.O7885  |b H54 1950 
100 1 |a Household, Geoffrey,  |d 1900-1988. 
245 1 4 |a The high place. 
250 |a [1st ed]. 
264 1 |a Boston :  |b Little, Brown,  |c 1950. 
300 |a 245 pages ;  |c 21 cm. 
336 |a text  |b txt  |2 rdacontent 
337 |a unmediated  |b n  |2 rdamedia 
338 |a volume  |b nc  |2 rdacarrier 
500 |a "An Atlantic Monthly Press book." 
999 |a MARS 
999 f f |s 91006862-4d95-3220-9763-403f315ccc91  |i 05d91bff-5a2b-3c43-bccf-65ccfaf2f62f  |t 0 
952 f f |p normal  |a Texas A&M University  |b College Station  |c Sterling C. Evans Library  |d Evans: Library Stacks  |t 0  |e PR6015.O7885 H54 1950  |h Library of Congress classification  |i unmediated -- volume  |m A14804242619 
998 f f |a PR6015.O7885 H54 1950  |t 0  |l Evans: Library Stacks